Low-Dose Radiation Effects on Animals and Ecosystems (Record no. 7916)

MARC details
000 -LEADER
fixed length control field 00573nam a2200121Ia 4500
008 - FIXED-LENGTH DATA ELEMENTS--GENERAL INFORMATION
fixed length control field 220615s9999||||xx |||||||||||||| ||und||
245 #0 - TITLE STATEMENT
Title Low-Dose Radiation Effects on Animals and Ecosystems
Remainder of title Long-Term Study on the Fukushima Nuclear Accident
546 ## - LANGUAGE NOTE
Language note English[eng]
650 ## - SUBJECT ADDED ENTRY--TOPICAL TERM
Topical term or geographic name entry element Life sciences||Animal genetics||Radiation protection||Radiation—Safety measures||Cancer research||Radiology||Human physiology||Biophysics||Biological physics
700 ## - ADDED ENTRY--PERSONAL NAME
Personal name Fukumoto, Manabu
856 ## - ELECTRONIC LOCATION AND ACCESS
Uniform Resource Identifier <a href="https://library.oapen.org/bitstream/20.500.12657/23178/1/1006975.pdf">https://library.oapen.org/bitstream/20.500.12657/23178/1/1006975.pdf</a>
942 ## - ADDED ENTRY ELEMENTS (KOHA)
Koha item type E-Books
Holdings
Withdrawn status Lost status Damaged status Not for loan Home library Current library Date acquired Total Checkouts Date last seen Price effective from Koha item type
        Kerala University of Digital Sciences, Innovation and Technology Knowledge Centre Kerala University of Digital Sciences, Innovation and Technology Knowledge Centre 15/06/2022   15/06/2022 15/06/2022 E-Books